000 00711cam a2200205 a 4500
001 000026518
005 20200930030250.0
008 760825s1982 mx a 000 e spa d
020 _a9688001678
040 _aDO-SdBNP
_bspa
_dBNPHU
082 _axxx
_bM763t
100 1 _aMontalvo, Juan,
_d1832-1889
_916611
245 1 0 _aTextos :
_buna antología general /
_cJuan Montalvo ; prólogo, selección y notas de Ignacio Osorio Romero.
260 _aMéxico, D. F. :
_bSEP/UNAM,
_c1982.
300 _aii, 243, [3] p. ;
_c21 cm.
490 1 _aClásicos americanos
_v10
500 _aIncluye referencias bibliográficas y notas al pie de las páginas
830 0 _aClásicos americanos ;
_v10
_953601
049 _aBNGR
999 _c26010
_d26010